Criterio literario (Registro nro. 94409)
[ vista simple ]
| 000 -LEADER | |
|---|---|
| campo de control de longitud fija | 00567nam a2200157 i 4500 |
| 001 - NÚMERO DE CONTROL | |
| campo de control | 94409 |
| 003 - IDENTIFICADOR DE NÚMERO DE CONTROL | |
| campo de control | ES-MaACL |
| 005 - FECHA Y HORA DE LA ÚLTIMA TRANSACCIÓN | |
| campo de control | 20250516063029.0 |
| 007 - CAMPO FIJO DE DESCRIPCIÓN FÍSICA--INFORMACIÓN GENERAL | |
| campo de control de longitud fija | t| |
| 008 - DATOS DE LONGITUD FIJA--INFORMACIÓN GENERAL | |
| campo de control de longitud fija | 050429s1920 sp ||||1| spa d |
| 100 1# - ENTRADA PRINCIPAL--NOMBRE DE PERSONA | |
| Nombre de persona | Lorenzo, Anselmo, |
| Fechas asociadas al nombre | 1841-1914 |
| 9 (RLIN) | 240499 |
| 245 10 - MENCIÓN DEL TÍTULO | |
| Título | Criterio literario |
| Resto del título | : conferencia leida en 4 y 20 de Septiembre de 1903 en el Centro Fraternal de Cultura de Barcelona y en la inaguración del Centro Obrero de Sabadell. |
| 260 ## - PUBLICACIÓN, DISTRIBUCIÓN, ETC. | |
| Lugar de publicación, distribución, etc. | Barcelona : |
| Nombre del editor, distribuidor, etc. | [s.n.], |
| Fecha de publicación, distribución, etc. | 1920 ( |
| Fabricante | "Germinal") |
| 852 ## - LOCALIZACIÓN | |
| Ubicación | ES-MaACL |
| Número de control de estantería | 1636-F-3 |
| Estatus retirado | Estado de pérdida | Estado de daño | No para préstamo | Colección | Biblioteca de origen | Biblioteca actual | Ubicación en estantería | Fecha de adquisición | Fuente de adquisición | Total de préstamos | Signatura topográfica completa | Código de barras | Visto por última vez | Precio de reemplazo | Tipo de ítem Koha |
|---|---|---|---|---|---|---|---|---|---|---|---|---|---|---|---|
| Colección de folletos | Biblioteca del Ateneo de Madrid | Biblioteca del Ateneo de Madrid | Depósito folletos | 17/01/2008 | 1636-F-3 | 1098602 | 23/02/2023 | 23/02/2023 | Folleto |
